000 00707nam a2200241Ia 4500
001 9631
003 GE_BSU
008 181216s||||||||xx |||||||||||||| ||und||
040 _cGE_BSU
080 _a821.353.1-31
100 _aმრელაშვილი,ლადო
245 _aყაბახი
245 _bრომანი
245 _cრედ.იაშვილი,ნ.მხატვ:ნოდია,დ.
250 _aმე-2გამოც.
260 _aთბილისი.
260 _bსაბჭ.საქართველო
260 _c1985
300 _a808გვ.ილ.22სმ
653 _aრომანი
653 _aყაბახი
942 _cBK
999 _c42915
_d42915